000 00491nam a2200157 4500
001 113386
003 ES-MaACL
005 20230906185853.0
007 t|
008 061121s1922 it r ||||1| ita d
100 1 _aNitti, Francesco Saverio (
_d1868-1953)
_9130500
245 1 3 _aLa decadenza dell'Europa
_b: la vie della ricostruzione /
_cFrancesco Nitti.
260 _aFirenze :
_bR. Bemporad,
_c1922.
300 _a307 p., 1 lám. :
_b`retr. aut` ;
_c25 cm.
852 _aES-MaACL
_jF-1782
999 _c113386
_d113386